| 000 | 00751nam a2200229Ii 4500 | ||
|---|---|---|---|
| 003 | JO-AjNU | ||
| 008 | 230605s9999||||xx |||||||||||||| ||und|| | ||
| 017 | _a2006/16006 | ||
| 020 | _a977-377-051-6 | ||
| 040 |
_aJO-AjNU _bara _erda _cJO-AjNU |
||
| 041 | _aara | ||
| 050 | 1 | 4 | _aHF5414.2006 |
| 100 | 3 |
_aسالم،شيماء السيد, _eauthor _934243 |
|
| 245 | 0 | 0 | _aالاتصالات التسويقية المتكاملة |
| 250 | _aط1 | ||
| 264 | 3 | 1 | _aالقاهرة:مجموعة النيل العربية،2006 |
| 300 |
_a303ص _bيحتوي على ببلوغرافية من ص291-303ص |
||
| 336 |
_atext _btxt _2rdacontent |
||
| 337 |
_aunmediated _bn _2rdamedia |
||
| 338 |
_avolume _bnc _2rdacarrier |
||
| 650 | 4 |
_aالتسويق _934244 |
|
| 999 |
_aA14017 _c17585 _d17585 |
||